Alcibíades
Uloženo v:
| Hlavní autor: | |
|---|---|
| Médium: | Kniha |
| Jazyk: | španělština |
| Vydáno: |
Santiago
Dionysos
1900
|
| Témata: | |
| Tagy: |
Přidat tag
Žádné tagy, Buďte první, kdo vytvoří štítek k tomuto záznamu!
|
MARC
| LEADER | 00000nam a2200000 a 4500 | ||
|---|---|---|---|
| 001 | UCY6266 | ||
| 003 | CL-VaPUC | ||
| 008 | 950521e19000000CL |||||||||||||||||spa|d | ||
| 082 | 0 | 4 | |a 184 |b VEL |2 21 |
| 100 | 0 | |a Velásquez, Oscar |e author |9 336120 | |
| 245 | 1 | 0 | |a Alcibíades |
| 300 | |a 58 p | ||
| 942 | |c BK | ||
| 945 | |d 19950521 00:00:00 |a oaravena | ||
| 260 | |a Santiago |b Dionysos |c 1900 | ||
| 650 | 0 | |a Filosofía |9 223554 | |
| 650 | 0 | |a Filosofía antigua |9 255705 | |
| 650 | 7 | |a FILOSOFIA POLITICA |2 CL-VaPUC |9 336121 | |
| 650 | 7 | |a RECURSOS LITERARIOS |2 CL-VaPUC |9 336122 | |
| 651 | 0 | |a Grecia |9 265314 | |
| 583 | |a last modification |c 19950521 00:00:00 |k Rodrigo Vera | ||
| 999 | |c 233844 |d 233842 | ||
| 952 | |0 0 |1 0 |4 0 |6 184_000000000000000_VEL_1900 |7 0 |8 P |9 239635 |a BIBEDU |b BIBEDU |c BIBEDU_PB |d 2019-11-18 |i 1506471 |l 2 |o 184 VEL 1900 |p 1506471 |r 2024-01-25 |s 2023-04-14 |w 2019-11-18 |y BK |k FIL | ||